[Event "Online Olym Div3 A 2021"]
[Site "chess.com INT"]
[Date "2021.08.29"]
[Round "9.1"]
[Board "6"]
[White "Pudasaini, Aava"]
[Black "Sanudula, K M Dahamdi"]
[Result "0-1"]
[BlackTitle "WCM"]
[WhiteElo "1379"]
[BlackElo "1717"]
[WhiteTeam "Nepal"]
[BlackTeam "Sri Lanka"]
[WhiteFideId "12311995"]
[BlackFideId "9932470"]
[EventDate "2021.08.27"]
[EventType "team"]

1. e4 d5 2. Nc3 dxe4 3. Nxe4 Nf6 4. Nc3 c6 5. Nf3 Bg4 6. Be2 e6 7. h3 Bxf3 8.
Bxf3 Bd6 9. d3 Nbd7 10. Bg5 Qa5 11. Bd2 Qc7 12. a3 Ne5 13. Bg5 O-O-O 14. Ne4 Be7
15. Bf4 Nxd3+ 16. cxd3 Qxf4 17. Qd2 Nd5 18. Qxf4 Nxf4 19. O-O Nxd3 20. b4 Bf6
21. Rad1 Kc7 22. Be2 Nf4 23. Bf3 Nd5 24. Ng3 Bb2 25. Rd3 Nf4 26. Rb3 Bf6 27. Rc1
Rd3 28. Rxd3 Nxd3 29. Rd1 Rd8 30. Be4 Nf4 31. Rxd8 Bxd8 32. Bxh7 g6 33. Bg8 Kd7
34. Bxf7 Ke7 35. Bg8 Kf8 36. Bh7 Kg7 37. Bxg6 Kxg6 38. Ne4 Be7 39. Kh2 Ne2 40.
f3 Nd4 41. Kg3 Nc2 42. Kg4 Nxa3 0-1

[Event "Online Olym Div3 A 2021"]
[Site "chess.com INT"]
[Date "2021.08.29"]
[Round "9.2"]
[Board "1"]
[White "Piwari, Dylan Tama"]
[Black "Kumar, Manoj"]
[Result "1-0"]
[BlackTitle "CM"]
[WhiteElo "1943"]
[BlackElo "1928"]
[WhiteTeam "New Zealand"]
[BlackTeam "Fiji"]
[WhiteFideId "4312988"]
[BlackFideId "11400064"]
[EventDate "2021.08.27"]
[EventType "team"]

1. c4 Nf6 2. Nc3 e6 3. Nf3 d5 4. d4 c5 5. Bg5 Be7 6. e3 Nc6 7. Be2 dxc4 8. O-O
cxd4 9. exd4 O-O 10. Bxc4 h6 11. Bh4 a6 12. a4 Nb4 13. Ne5 Nbd5 14. Nxd5 Nxd5
15. Bxe7 Nxe7 16. Rc1 b6 17. Qf3 Rb8 18. Rfd1 Bb7 19. Qf4 Nd5 20. Qg3 Rc8 21. b3
Qe7 22. h3 Rfd8 23. Re1 Nf6 24. Nxf7 Rxc4 25. Nxh6+ Kh8 26. Rxc4 gxh6 27. Rc7
Rd7 28. Rec1 Bd5 29. Rxd7 Nxd7 30. Rc8+ Nf8 31. Qf4 Kg7 32. Qe5+ 1-0

[Event "Online Olym Div3 A 2021"]
[Site "chess.com INT"]
[Date "2021.08.29"]
[Round "9.2"]
[Board "2"]
[White "Sikivou, Taione"]
[Black "Xie, Felix"]
[Result "0-1"]
[WhiteTitle "CM"]
[BlackTitle "CM"]
[WhiteElo "1834"]
[BlackElo "2132"]
[WhiteTeam "Fiji"]
[BlackTeam "New Zealand"]
[WhiteFideId "11400153"]
[BlackFideId "4308174"]
[EventDate "2021.08.27"]
[EventType "team"]

1. e4 c6 2. d4 d5 3. exd5 cxd5 4. Bd3 Nc6 5. c3 Qc7 6. h3 g6 7. Ne2 Bg7 8. Bf4
Qb6 9. Qc2 Nf6 10. Nd2 Bd7 11. O-O Rc8 12. Qb1 O-O 13. Nf3 Na5 14. b3 Bb5 15.
Ne5 Bxd3 16. Qxd3 Nc6 17. Ng3 Rfd8 18. Rfe1 e6 19. Rac1 h5 20. Bg5 Re8 21. Nxg6
fxg6 22. Qxg6 Ne7 23. Qd3 Qd6 24. Re5 Ne4 25. Bxe7 Qxe7 26. Rxh5 Qf7 27. Rh4
Qxf2+ 28. Kh2 Qxg3+ 29. Qxg3 Nxg3 30. Kxg3 b5 31. b4 Rc4 32. Rg4 Rec8 33. Rf1
Rxc3+ 34. Kh2 R3c4 35. Rf6 Rxd4 36. Rg5 Rc7 37. Rxe6 Kf7 38. Rd6 Rd2 39. Rf5+
Ke7 40. Rg6 Kd8 41. h4 Re7 42. h5 Be5+ 43. Kh3 Rd3+ 44. g3 Rd1 45. Kg2 Re1 46.
h6 d4 47. Kf2 Re4 48. Rgg5 d3 0-1

[Event "Online Olym Div3 A 2021"]
[Site "chess.com INT"]
[Date "2021.08.29"]
[Round "9.2"]
[Board "3"]
[White "Feng, Sophia"]
[Black "Lyons, Kieran"]
[Result "1/2-1/2"]
[BlackTitle "WFM"]
[WhiteElo "1211"]
[BlackElo "1767"]
[WhiteTeam "New Zealand"]
[BlackTeam "Fiji"]
[WhiteFideId "4312635"]
[BlackFideId "11400102"]
[EventDate "2021.08.27"]
[EventType "team"]

1. d4 d5 2. c4 c6 3. Nc3 e6 4. Nf3 f5 5. Bf4 Nf6 6. a3 Bd6 7. Bxd6 Qxd6 8. e3
Nbd7 9. cxd5 exd5 10. Bd3 Ne4 11. Rc1 O-O 12. O-O Ndf6 13. h3 f4 14. Re1 g5 15.
Qb3 Nxc3 16. Rxc3 g4 17. hxg4 Nxg4 18. Qc2 fxe3 19. fxe3 Qh6 20. b4 a6 21. Qd2
Bd7 22. e4 Qxd2 23. Nxd2 Rae8 24. Rcc1 Nf2 25. Bb1 h6 26. exd5 Rxe1+ 27. Rxe1
cxd5 28. Rf1 Ng4 29. Re1 Bc6 30. Ba2 Rf7 31. Bb3 Kg7 32. Nf3 Rf6 33. Ba2 Kf7 34.
Bb3 Re6 35. Rxe6 Kxe6 36. Kf1 Kf5 37. Ke2 Ke4 38. Ba2 h5 39. Bb1+ Kf4 40. Ba2
Nf6 41. Bb1 Ne4 42. Bxe4 dxe4 43. Nd2 h4 44. Nf1 Bd5 45. Ne3 Bb3 46. Kf2 b5 47.
Nf1 Bc2 48. Ne3 Bd3 49. Nf1 Kf5 50. Ne3+ Ke6 51. Kg1 Kf6 52. Kh2 Kg5 53. Kh3 Kf4
54. Nd5+ 1/2-1/2

[Event "Online Olym Div3 A 2021"]
[Site "chess.com INT"]
[Date "2021.08.29"]
[Round "9.2"]
[Board "4"]
[White "Sewak, Aarti"]
[Black "Thurner, Anya"]
[Result "1-0"]
[WhiteElo "1412"]
[BlackElo "1557"]
[WhiteTeam "Fiji"]
[BlackTeam "New Zealand"]
[WhiteFideId "11400722"]
[BlackFideId "4307780"]
[EventDate "2021.08.27"]
[EventType "team"]

1. d4 d5 2. Nf3 Nf6 3. Nc3 e6 4. Bg5 Be7 5. g3 h6 6. Bxf6 Bxf6 7. Bg2 O-O 8. O-O
b6 9. e4 dxe4 10. Nxe4 Bb7 11. Nxf6+ Qxf6 12. Ne5 Bxg2 13. Kxg2 Qe7 14. f4 Nd7
15. Ng4 c5 16. c3 Rfd8 17. Qf3 cxd4 18. cxd4 Nf6 19. Ne5 Qd6 20. Rad1 Nd5 21. a3
Rac8 22. Rf2 f6 23. Ng6 Kh7 24. f5 exf5 25. Nh4 g6 26. Rd3 Re8 27. Re2 f4 28.
Kf2 fxg3+ 29. hxg3 Qd7 30. Rdd2 Kg7 31. Kg2 Rxe2+ 32. Rxe2 Nc7 33. Rc2 Ne6 34.
Rd2 Rd8 35. d5 Ng5 36. Qd3 f5 37. Qd4+ Kf7 38. Qc4 Kg7 39. Rd4 Ne4 40. Qe2 Qd6
41. Qf3 Nf6 42. Qc3 Kf7 43. Qb3 Nxd5 44. Nf3 Kg7 45. Kf2 Qc6 46. Ne5 Qc5 47. Nf3
Nf6 48. Ke3 Ng4+ 49. Kd3 Rxd4+ 50. Nxd4 Ne5+ 51. Ke3 Nc4+ 52. Kd3 Kf6 53. Qxc4
Qd6 54. Qg8 Qxg3+ 55. Kd2 Qg2+ 56. Ne2 Qd5+ 57. Qxd5 1-0

[Event "Online Olym Div3 A 2021"]
[Site "chess.com INT"]
[Date "2021.08.29"]
[Round "9.2"]
[Board "5"]
[White "Coates, Alex"]
[Black "Prasad, Rudr"]
[Result "1-0"]
[WhiteElo "1288"]
[BlackElo "1566"]
[WhiteTeam "New Zealand"]
[BlackTeam "Fiji"]
[WhiteFideId "4311540"]
[BlackFideId "11401095"]
[EventDate "2021.08.27"]
[EventType "team"]

1. d4 Nf6 2. c4 d6 3. Nc3 g6 4. f3 Bg7 5. e4 e5 6. d5 O-O 7. Nge2 Nbd7 8. g4 Nc5
9. Ng3 Bd7 10. Be3 b6 11. Qd2 a5 12. h4 c6 13. h5 cxd5 14. cxd5 Rb8 15. hxg6
fxg6 16. Bh6 Rf7 17. Bxg7 Rxg7 18. Bb5 Bxb5 19. Nxb5 Qd7 20. Nc3 b5 21. O-O-O b4
22. Nce2 a4 23. Qg5 Nd3+ 24. Rxd3 Ne8 25. Kd2 Rf7 26. Nf5 Kh8 27. Qxg6 b3 28. a3
Qc7 29. Rc3 Qd7 30. Qh6 Nc7 31. Qxd6 Nb5 32. Qxb8+ Qd8 33. Qxd8+ Rf8 34. Qxf8# 1-0

[Event "Online Olym Div3 A 2021"]
[Site "chess.com INT"]
[Date "2021.08.29"]
[Round "9.2"]
[Board "6"]
[White "Prasad, Tanvi"]
[Black "Joseph, Ritika"]
[Result "0-1"]
[WhiteElo "1165"]
[BlackElo "1346"]
[WhiteTeam "Fiji"]
[BlackTeam "New Zealand"]
[WhiteFideId "11401117"]
[BlackFideId "110033465"]
[EventDate "2021.08.27"]
[EventType "team"]

1. d4 d5 2. c4 e6 3. cxd5 exd5 4. Nc3 Nf6 5. Bg5 Be7 6. Nf3 O-O 7. a3 Nc6 8. e3
h6 9. Bxf6 Bxf6 10. h3 Bf5 11. Bd3 Qd7 12. Qc2 Ne7 13. Ne2 Rac8 14. Ng3 Bg6 15.
O-O c5 16. dxc5 Bxd3 17. Qxd3 Rxc5 18. Rab1 Rfc8 19. Ne4 R5c6 20. Nxf6+ Rxf6 21.
Rfd1 Qe6 22. Nd4 Qd7 23. Qb5 Nc6 24. Nxc6 bxc6 25. Qe2 Qf5 26. Rd4 Qxb1+ 27. Kh2
Rb8 28. Rd2 Rg6 29. Qa6 Rxb2 30. Rxb2 Qxb2 31. Qc8+ Kh7 32. Qf5 Qf6 33. Qc2 Qg5
34. g3 h5 35. h4 Qe7 36. Qf5 Qxa3 37. Qxh5+ Kg8 38. Qe5 Rf6 39. Kg2 Qa2 40. Qb8+
Kh7 41. Kh3 Qxf2 42. Qb1+ Kh6 43. Qb8 Qf1+ 44. Kg4 Rg6# 0-1

[Event "Online Olym Div3 A 2021"]
[Site "chess.com INT"]
[Date "2021.08.29"]
[Round "9.3"]
[Board "1"]
[White "Tran, Thanh Tu"]
[Black "Song, Raymond"]
[Result "0-1"]
[WhiteTitle "CM"]
[BlackTitle "IM"]
[WhiteElo "2374"]
[BlackElo "2485"]
[WhiteTeam "Japan"]
[BlackTeam "Chinese Taipei"]
[WhiteFideId "12401404"]
[BlackFideId "3203824"]
[EventDate "2021.08.27"]
[EventType "team"]

1. d4 Nf6 2. Nf3 d5 3. e3 c5 4. Nbd2 Nc6 5. dxc5 e5 6. Bb5 Qc7 7. b4 Be7 8. Bb2
e4 9. Be5 Qd8 10. Nd4 Bd7 11. Bxc6 bxc6 12. h3 Qc8 13. N2b3 O-O 14. a4 Re8 15.
Bh2 a6 16. a5 h5 17. Nc1 h4 18. Na2 Qb7 19. Rb1 Nh7 20. Nc3 Ng5 21. Na4 Bf6 22.
Nb6 Bxd4 23. exd4 e3 24. f3 Rad8 25. Rb3 Bf5 26. Qe2 Qe7 27. Bf4 Ne6 28. Rxe3
Qf6 29. Be5 Qg6 30. c3 f6 31. Bd6 Nxd4 32. cxd4 Rxe3 33. Qxe3 Re8 34. Be7 Qxg2
35. Rg1 Rxe7 36. Qxe7 Qxg1+ 37. Ke2 Qg2+ 38. Ke3 Qg1+ 39. Ke2 Qg2+ 40. Ke3 Qg5+
41. Ke2 Bxh3 42. Qe8+ Kh7 43. Qxc6 Qg2+ 44. Ke3 Qg1+ 45. Ke2 Bf1+ 46. Kd2 Qxd4+
47. Ke1 h3 48. Nxd5 h2 0-1

[Event "Online Olym Div3 A 2021"]
[Site "chess.com INT"]
[Date "2021.08.29"]
[Round "9.3"]
[Board "2"]
[White "Liu, Yeh Yang"]
[Black "Nanjo, Ryosuke"]
[Result "1-0"]
[BlackTitle "IM"]
[WhiteElo "1994"]
[BlackElo "2338"]
[WhiteTeam "Chinese Taipei"]
[BlackTeam "Japan"]
[WhiteFideId "16300416"]
[BlackFideId "7000634"]
[EventDate "2021.08.27"]
[EventType "team"]

1. e4 c5 2. Nf3 d6 3. c3 Nf6 4. Qc2 Qc7 5. Be2 Nbd7 6. O-O b6 7. d3 Bb7 8. Na3
g6 9. Nb5 Qc8 10. c4 Bg7 11. Bg5 a6 12. Nc3 e6 13. Rad1 O-O 14. Rfe1 Qc7 15. d4
cxd4 16. Nxd4 Rac8 17. Nf3 Nc5 18. Bf1 Rfe8 19. Bf4 e5 20. Bg5 Qb8 21. Bxf6 Bxf6
22. Nd5 Bxd5 23. Rxd5 Ne6 24. Qa4 Be7 25. g3 Nc7 26. Rd2 b5 27. cxb5 axb5 28.
Qb3 Qb7 29. h4 Rb8 30. a3 Ne6 31. Qe3 b4 32. Bc4 bxa3 33. bxa3 Qc7 34. Bxe6 fxe6
35. h5 Kg7 36. Red1 Qb6 37. Qe2 Rf8 38. Kg2 Qc5 39. Rd3 Ra8 40. Qa2 d5 41. Re1
Ra4 42. Nxe5 dxe4 43. Rd7 Qxe5 44. Rxe7+ Kh8 45. hxg6 Qf5 46. g7+ Kg8 47.
gxf8=Q+ Kxf8 48. Qxe6 Qf3+ 49. Kg1 Rxa3 50. Re8+ Kg7 51. Rg8# 1-0

[Event "Online Olym Div3 A 2021"]
[Site "chess.com INT"]
[Date "2021.08.29"]
[Round "9.3"]
[Board "3"]
[White "Sakai, Azumi"]
[Black "Chen, Chi"]
[Result "0-1"]
[WhiteTitle "WCM"]
[WhiteElo "1731"]
[BlackElo "1588"]
[WhiteTeam "Japan"]
[BlackTeam "Chinese Taipei"]
[WhiteFideId "7001800"]
[BlackFideId "16301633"]
[EventDate "2021.08.27"]
[EventType "team"]

1. d4 e6 2. c4 Nf6 3. Nf3 Bb4+ 4. Bd2 Bxd2+ 5. Qxd2 O-O 6. Nc3 b6 7. e4 d6 8.
Bd3 Nbd7 9. O-O e5 10. d5 Re8 11. Qc2 Nf8 12. b4 a5 13. a3 Bd7 14. Ne2 Ng6 15.
c5 axb4 16. axb4 bxc5 17. bxc5 Bg4 18. Nd2 Bxe2 19. Bxe2 Nf4 20. Bb5 Rxa1 21.
Rxa1 Rf8 22. Nc4 Qc8 23. Ne3 Qb8 24. Bc6 Qb4 25. cxd6 cxd6 26. Nc4 Rb8 27. g3
Nh3+ 28. Kg2 Ng5 29. f3 h6 30. h4 Ngh7 31. Ra8 Rxa8 32. Bxa8 Qe1 33. Nxd6 Nf8
34. Nc4 Nh5 35. Qf2 Qc3 36. Nd6 Qa3 37. Nc4 Qxa8 38. Nxe5 Qe8 39. Nc6 Qd7 40.
Qc5 Ng6 41. Qb6 Kh7 42. Nd4 Qe7 43. Nf5 Qe5 44. d6 Qc3 45. Qf2 Qd3 46. g4 Nhf4+
47. Kg3 Ne6 48. Qb2 Ngf8 49. e5 Qd5 50. Qe2 g6 51. Ne7 Qd4 52. h5 Qf4+ 53. Kg2
Qg5 54. hxg6+ fxg6 55. Qe4 Qd2+ 56. Kg3 Qd1 57. Nc6 Ng5 58. Qf4 Qg1+ 59. Kh4
Qh1+ 60. Kg3 Qg1+ 61. Kh4 Qh1+ 62. Kg3 Nfe6 63. Qf6 Qg1+ 64. Kh4 Qh2# 0-1

[Event "Online Olym Div3 A 2021"]
[Site "chess.com INT"]
[Date "2021.08.29"]
[Round "9.3"]
[Board "4"]
[White "Shih, Ching-An"]
[Black "Misawa, Yuki"]
[Result "1-0"]
[WhiteTitle "WFM"]
[WhiteElo "1582"]
[BlackElo "1577"]
[WhiteTeam "Chinese Taipei"]
[BlackTeam "Japan"]
[WhiteFideId "16300653"]
[BlackFideId "7003862"]
[EventDate "2021.08.27"]
[EventType "team"]

1. Nf3 c6 2. d4 d5 3. e3 Nf6 4. c4 Bf5 5. Nc3 e6 6. h3 h6 7. Be2 Be7 8. O-O O-O
9. b3 Nbd7 10. Bb2 Rc8 11. Bd3 Bxd3 12. Qxd3 Nb6 13. Rfd1 Bd6 14. c5 Bb8 15.
cxb6 axb6 16. Rac1 b5 17. a4 b4 18. Ne2 Ne4 19. Nd2 Qd6 20. f4 Nf6 21. Rf1 Ba7
22. Nf3 Ne4 23. Nd2 Nf6 24. Kh1 Rc7 25. Ng1 Rfc8 26. Ngf3 Nh5 27. Kh2 g5 28. g3
gxf4 29. gxf4 f5 30. Rg1+ Kh7 31. Ne5 Rg7 32. Rxg7+ Nxg7 33. Qf1 Qe7 34. Qg2 Rg8
35. Qg6+ Kh8 36. Qxh6# 1-0

[Event "Online Olym Div3 A 2021"]
[Site "chess.com INT"]
[Date "2021.08.29"]
[Round "9.3"]
[Board "5"]
[White "Nakahara, Kan"]
[Black "Bai, Adelard"]
[Result "1/2-1/2"]
[WhiteTitle "CM"]
[BlackTitle "FM"]
[WhiteElo "2095"]
[BlackElo "2399"]
[WhiteTeam "Japan"]
[BlackTeam "Chinese Taipei"]
[WhiteFideId "7002556"]
[BlackFideId "16301188"]
[EventDate "2021.08.27"]
[EventType "team"]

1. e4 c6 2. d4 d5 3. Nc3 dxe4 4. Nxe4 Bf5 5. Ng3 Bg6 6. h4 h6 7. h5 Bh7 8. Nf3
Nd7 9. Bd3 Bxd3 10. Qxd3 e6 11. Bf4 Qa5+ 12. Bd2 Bb4 13. c3 Be7 14. c4 Qc7 15.
O-O-O Ngf6 16. Kb1 O-O 17. Ne4 Rad8 18. Nxf6+ Nxf6 19. Qe2 c5 20. Bc3 cxd4 21.
Bxd4 a6 22. Ne5 Bc5 23. Bc3 Rxd1+ 24. Rxd1 Rd8 25. Rxd8+ Qxd8 26. a3 Qb6 27. Ng4
Nxg4 1/2-1/2

[Event "Online Olym Div3 A 2021"]
[Site "chess.com INT"]
[Date "2021.08.29"]
[Round "9.4"]
[Board "1"]
[White "Lim, Zhuo Ren"]
[Black "Lee, Jun Hyeok"]
[Result "1/2-1/2"]
[WhiteTitle "FM"]
[BlackTitle "IM"]
[WhiteElo "2311"]
[BlackElo "2404"]
[WhiteTeam "Malaysia"]
[BlackTeam "South Korea"]
[WhiteFideId "5702488"]
[BlackFideId "13202340"]
[EventDate "2021.08.27"]
[EventType "team"]

1. Nf3 Nf6 2. c4 g6 3. Nc3 Bg7 4. g3 O-O 5. Bg2 d6 6. d4 Nc6 7. O-O Bf5 8. d5
Na5 9. Nd4 Bd7 10. b3 c5 11. dxc6 Nxc6 12. Bb2 Nxd4 13. Qxd4 Bc6 14. Nd5 Nh5 15.
Qd2 Bxb2 16. Qxb2 Bxd5 17. cxd5 Qb6 18. Rac1 a5 19. Rc3 Rfc8 20. Rfc1 Rxc3 21.
Qxc3 a4 22. bxa4 Rxa4 23. Qc8+ Kg7 24. Qe8 Rxa2 25. Qxe7 Nf6 26. Bf3 Ng8 27. Qd7
Nf6 28. Qe7 Ng8 29. Qc7 Qxc7 30. Rxc7 Rb2 31. h4 h5 32. Kg2 Nf6 33. e3 b5 34.
Rc6 Ne8 35. g4 hxg4 36. Bxg4 b4 37. Bd7 Nf6 38. Rxd6 Ne4 39. Rb6 Rxf2+ 40. Kg1
Rb2 41. d6 Nc5 42. Bc6 b3 43. Bd5 Rb1+ 44. Kg2 b2 45. Ba2 Rd1 46. Rxb2 Rxd6 47.
Bc4 Nd7 48. Be2 Ne5 49. Kf2 Rf6+ 50. Kg2 Re6 51. Rb7 Kh6 52. Rb5 Re7 53. Kf2 Nc6
54. Rc5 Nd8 55. Bf3 Ne6 56. Ra5 Ng7 57. Bg4 Rc7 58. Ra2 Ne8 59. Bf3 Nf6 60. Kg3
Rc3 61. Kf4 Rc4+ 62. Kg3 Nh5+ 63. Kh3 Rc3 64. Re2 Ng7 65. Be4 Ne6 66. Kg3 f5 67.
Bf3 f4+ 68. exf4 Nd4 69. Rf2 Nf5+ 70. Kg4 Ne3+ 71. Kg3 Nf5+ 72. Kg4 Ne3+ 73. Kg3
Nf5+ 1/2-1/2

[Event "Online Olym Div3 A 2021"]
[Site "chess.com INT"]
[Date "2021.08.29"]
[Round "9.4"]
[Board "2"]
[White "Kwon, Sehyun"]
[Black "Poh, Yu Tian"]
[Result "1/2-1/2"]
[WhiteTitle "CM"]
[WhiteElo "2195"]
[BlackElo "2081"]
[WhiteTeam "South Korea"]
[BlackTeam "Malaysia"]
[WhiteFideId "13203088"]
[BlackFideId "5734088"]
[EventDate "2021.08.27"]
[EventType "team"]

1. e4 c5 2. Nf3 d6 3. Bb5+ Bd7 4. Bxd7+ Nxd7 5. O-O Ngf6 6. Qe2 e6 7. d4 cxd4 8.
Nxd4 a6 9. c4 g6 10. Nc3 Bg7 11. b3 O-O 12. Bb2 Rc8 13. Rad1 Qa5 14. f4 Qh5 15.
Nf3 Qc5+ 16. Kh1 Nh5 17. Qd2 Rfd8 18. Na4 Qc6 19. Bxg7 Nxg7 20. Nd4 Qc7 21. f5
e5 22. Ne2 f6 23. fxg6 hxg6 24. Nac3 Qa5 25. Qxd6 Rc6 26. Qd2 b5 27. Qd5+ Re6
28. Rxf6 Nf8 29. Qxd8 Qxd8 30. Rxd8 Rxf6 31. cxb5 axb5 32. Nxb5 Rf2 33. Nbc3
Rf1+ 34. Ng1 Ne6 35. Rd1 Rf2 36. Nge2 Nd4 37. Nxd4 exd4 38. Nb5 Ne6 39. Kg1 Rxa2
40. Nxd4 Nf4 41. Rf1 Rxg2+ 42. Kh1 Rd2 43. Rxf4 Rxd4 44. Rf6 Kg7 45. Rb6 Rxe4
46. Kg2 Re2+ 47. Kg3 Kh6 48. Rb5 Re3+ 49. Kg4 Re4+ 50. Kf3 Rh4 51. Kg3 Rd4 52.
Rb8 Rd3+ 53. Kg4 Rd4+ 54. Kf3 Kg5 55. Re8 Rd2 56. h3 Rh2 57. Kg3 Rb2 58. Re3 Kf5
59. Rc3 Rb1 60. Rc5+ Kf6 61. Rb5 Rg1+ 62. Kf2 Rh1 63. Kg2 Rb1 64. Kg3 Rg1+ 65.
Kh4 g5+ 66. Kh5 Rg3 67. h4 gxh4 68. Kxh4 Rc3 69. Kg4 Ke6 70. Kf4 Kd6 71. Ke4 Kc6
72. Rb8 Kc7 73. Rb4 Rh3 74. Rb5 Kc6 75. Rb8 Kc7 76. Rb5 Kc6 77. Rb8 Kc7 78. Rg8
Rxb3 79. Kd5 Rb5+ 80. Ke6 Rb1 81. Rg7+ Kc6 82. Rg8 Kc7 83. Rg7+ Kc6 84. Rg8 Kc7 1/2-1/2

[Event "Online Olym Div3 A 2021"]
[Site "chess.com INT"]
[Date "2021.08.29"]
[Round "9.4"]
[Board "3"]
[White "Azhar, Puteri Munajjah Az-Zahraa"]
[Black "Eynula, Roza"]
[Result "1-0"]
[WhiteTitle "WIM"]
[BlackTitle "WFM"]
[WhiteElo "2046"]
[BlackElo "2069"]
[WhiteTeam "Malaysia"]
[BlackTeam "South Korea"]
[WhiteFideId "5709040"]
[BlackFideId "2019531"]
[EventDate "2021.08.27"]
[EventType "team"]

1. e4 e6 2. d4 d5 3. Nd2 Nf6 4. e5 Nfd7 5. f4 c5 6. c3 Nc6 7. Ndf3 Be7 8. Bd3
O-O 9. Ne2 a6 10. O-O b5 11. Be3 b4 12. Bb1 a5 13. g4 a4 14. cxb4 Nxb4 15. a3
Nc6 16. Qc2 g6 17. f5 Nxd4 18. Nexd4 cxd4 19. Bxd4 Ba6 20. Rf2 Qc8 21. Qd2 Qc4
22. f6 Rfc8 23. Ba2 Qd3 24. Qxd3 Bxd3 25. fxe7 Re8 26. Rc1 Rxe7 27. Rc7 Bb5 28.
Bc5 Ree8 29. Nd4 Nxc5 30. Rxc5 Bd7 31. Rc7 Red8 32. Bb1 Be8 33. Bd3 Rab8 34.
Rfc2 g5 35. Ba6 h6 36. Rc8 Kf8 37. Rxd8 Rxd8 38. Rc8 Rxc8 39. Bxc8 Ke7 40. Ba6
f6 41. exf6+ Kxf6 42. Kf2 e5 43. Nf5 h5 44. h3 hxg4 45. hxg4 e4 46. Ke3 Ke5 47.
Be2 Bd7 48. Nd4 Bc8 49. b3 axb3 50. Nxb3 Bd7 51. Nd4 Ba4 52. Bb5 Bd1 53. Bd7 Kd6
54. Bf5 Ba4 55. Ne6 Ke5 56. Nxg5 d4+ 57. Ke2 Bb5+ 58. Kf2 e3+ 59. Ke1 d3 60.
Nf3+ Kf4 61. Nd2 Ke5 62. Nb3 Bc4 63. Nd2 Bb5 64. Bc8 Kf4 65. Be6 Ke5 66. Bb3 Kf4
67. Be6 Ke5 68. Bc8 Kf4 69. Nf1 Kg5 70. Nxe3 Kf4 71. Kd2 Kg5 72. Bf5 Kf4 73.
Bxd3 Ba4 1-0

[Event "Online Olym Div3 A 2021"]
[Site "chess.com INT"]
[Date "2021.08.29"]
[Round "9.4"]
[Board "4"]
[White "Kim, Taegyeong"]
[Black "Azhar, Puteri Rifqah Fahada"]
[Result "1/2-1/2"]
[WhiteTitle "WCM"]
[BlackTitle "WFM"]
[WhiteElo "1523"]
[BlackElo "1939"]
[WhiteTeam "South Korea"]
[BlackTeam "Malaysia"]
[WhiteFideId "13200976"]
[BlackFideId "5702879"]
[EventDate "2021.08.27"]
[EventType "team"]

1. d4 Nf6 2. c4 e6 3. Nc3 d5 4. Bg5 Be7 5. cxd5 exd5 6. e3 c6 7. Bd3 h6 8. Bh4
O-O 9. Qc2 Be6 10. Nf3 Nbd7 11. O-O Rc8 12. Rab1 Qc7 13. h3 Rfe8 14. b4 Bd6 15.
Bxf6 Nxf6 16. Rfc1 Qd7 17. Ne5 Qe7 18. a3 Bxh3 19. gxh3 Bxe5 20. dxe5 Qxe5 21.
Bf5 Rcd8 22. Ne2 Rd6 23. Kh1 Nh5 24. Rg1 Rf6 25. Nd4 g6 26. Bxg6 fxg6 27. Rxg6+
Kf7 28. Rbg1 Qe4+ 29. Qxe4 Rxe4 30. Rxf6+ Kxf6 31. Rg4 Re8 32. Kg2 Ng7 33. h4
Ne6 34. Nxe6 Rxe6 35. Rf4+ Kg7 36. Kh3 b6 37. Rg4+ Kf7 38. Rf4+ Kg7 39. Rg4+ Kf7
40. Rf4+ Kg7 1/2-1/2

[Event "Online Olym Div3 A 2021"]
[Site "chess.com INT"]
[Date "2021.08.29"]
[Round "9.4"]
[Board "5"]
[White "Chan, Kim Yew"]
[Black "Noh, Jinwoo"]
[Result "0-1"]
[WhiteTitle "FM"]
[WhiteElo "2303"]
[BlackElo "1489"]
[WhiteTeam "Malaysia"]
[BlackTeam "South Korea"]
[WhiteFideId "5717981"]
[BlackFideId "13211307"]
[EventDate "2021.08.27"]
[EventType "team"]

1. Nf3 c5 2. c4 Nc6 3. Nc3 e6 4. g3 d5 5. cxd5 exd5 6. d4 h6 7. Bg2 Nf6 8. O-O
Be7 9. b3 cxd4 10. Nxd4 O-O 11. Bb2 Re8 12. Rc1 Bb4 13. a3 Bxc3 14. Bxc3 Bd7 15.
Re1 a6 16. Bb2 Rc8 17. e3 Bg4 18. Nxc6 Rxc6 19. Qd3 Rd6 20. Rc5 d4 21. e4 Nd7
22. Rcc1 Ne5 23. Qd2 Bf3 24. Rcd1 Qf6 25. Qf4 Bxd1 26. Qxf6 Rxf6 27. Rxd1 Rd6
28. f4 Ng4 29. Bf3 Ne3 30. Rxd4 Rxd4 31. Bxd4 Nc2 32. Bc5 Rc8 33. b4 Nxa3 34. e5
Rc7 35. Kf2 Nc4 36. Bd5 b6 37. Bxc4 bxc5 38. bxc5 a5 39. e6 fxe6 40. Bxe6+ Kf8 0-1

[Event "Online Olym Div3 A 2021"]
[Site "chess.com INT"]
[Date "2021.08.29"]
[Round "9.4"]
[Board "6"]
[White "Cho, Yeonhee"]
[Black "Chua, Jia-Tien"]
[Result "0-1"]
[WhiteTitle "WCM"]
[BlackTitle "WCM"]
[WhiteElo "1423"]
[BlackElo "1822"]
[WhiteTeam "South Korea"]
[BlackTeam "Malaysia"]
[WhiteFideId "13201190"]
[BlackFideId "5710006"]
[EventDate "2021.08.27"]
[EventType "team"]

1. e4 c5 2. Nf3 d6 3. d4 cxd4 4. Nxd4 Nf6 5. Nc3 a6 6. Bg5 e6 7. f4 Nbd7 8. Qf3
Qc7 9. O-O-O b5 10. g4 Bb7 11. Bxf6 Nxf6 12. g5 Nd7 13. f5 e5 14. Nde2 Rc8 15.
Rd2 Be7 16. h4 Nb6 17. f6 gxf6 18. gxf6 Bf8 19. Bh3 Bh6 20. Bxc8 Bxc8 21. Nb1
Nc4 22. Qc3 Qb7 23. Ng3 Be6 24. b3 Nxd2 25. Nxd2 Kd7 26. Kb1 Rc8 27. Qd3 a5 28.
Nf3 Rc5 29. Rd1 Qc6 30. Ng5 Bxg5 31. hxg5 Rc3 32. Qe2 Rxg3 33. Qh2 Rxg5 34. Qxh7
Rg2 35. Rc1 a4 36. Kb2 b4 37. Qh4 a3+ 38. Kb1 Qc3 0-1

[Event "Online Olym Div3 A 2021"]
[Site "chess.com INT"]
[Date "2021.08.29"]
[Round "9.5"]
[Board "1"]
[White "Yarmonov, Igor"]
[Black "Kulpruethanon, Thanadon"]
[Result "1/2-1/2"]
[WhiteTitle "IM"]
[BlackTitle "FM"]
[WhiteElo "2394"]
[BlackElo "2278"]
[WhiteTeam "IPCA"]
[BlackTeam "Thailand"]
[WhiteFideId "14114496"]
[BlackFideId "6201610"]
[EventDate "2021.08.27"]
[EventType "team"]

1. d4 d5 2. Bf4 Nf6 3. e3 c5 4. c3 Nc6 5. Nd2 Bf5 6. Ngf3 Qb6 7. Qb3 c4 8. Qxb6
axb6 9. a3 b5 10. Rc1 Nh5 11. Be2 Nxf4 12. exf4 f6 13. O-O e6 14. Rfe1 Bd6 15.
g3 Kf7 16. Nh4 Bh3 17. Bf1 Bxf1 18. Nxf1 h6 19. Ne3 g5 20. Nhg2 gxf4 21. Nxf4
Bxf4 22. gxf4 Rag8+ 23. Kf1 f5 24. Ke2 Ne7 25. Kf3 Ng6 26. Rg1 Nh4+ 27. Ke2 Ng6
28. Kf3 Nh4+ 29. Ke2 Ng6 30. Kf3 1/2-1/2